Nani Palkhivala : (Record no. 97622)

MARC details
000 -LEADER
fixed length control field 00651nam a22001937a 4500
005 - DATE AND TIME OF LATEST TRANSACTION
control field 20151120113902.0
010 ## - LCCN (DPL NO)
LC control number ENG-114202
020 ## - INTERNATIONAL STANDARD BOOK NUMBER
International Standard Book Number 9788180387548
Terms of availability 595.00
035 ## - SYSTEM CONTROL NUMBER
System control number EN-97734
037 ## - SOURCE OF ACQUISITION
Stock number DBAD/PUB
100 ## - MAIN ENTRY--PERSONAL NAME
Personal name Sorabjee, Soli J.
245 ## - TITLE STATEMENT
Title Nani Palkhivala :
Remainder of title the courtroom genius /
Statement of responsibility, etc by Soli J Sorabjee [and] Arvind P. Datar ; foreworded by Behram A Palkhivala
260 ## - PUBLICATION, DISTRIBUTION, ETC. (IMPRINT)
Place of publication, distribution, etc Gurgaon
Name of publisher, distributor, etc LexisNexis
Date of publication, distribution, etc 2012(repr.)
270 ## - ADDRESS
Address 14th Floor Building No.10, Tower-B, DLF Cyber City, Phase-II,
City Gurgaon
Postal code 122002
300 ## - PHYSICAL DESCRIPTION
Extent xxiii,461p.
Dimensions 23cm(pbk)
500 ## - GENERAL NOTE
General note Includes index
700 ## - ADDED ENTRY--PERSONAL NAME
Personal name Datar, Arvind P.
942 ## - ADDED ENTRY ELEMENTS (KOHA)
Source of classification or shelving scheme Dewey Decimal Classification
Item type English Books
Call number suffix SOR
Holdings
Withdrawn status Lost status Not for loan Collection code Home library Current library Date acquired Source of acquisition Cost, normal purchase price Full call number Barcode Copy number Cost, replacement price Koha item type
    Not For Loan Non-fiction D.B.Act.Division D.B.Act.Division 01/10/2015 DBAD/PUB 595.00 SOR EN-97734 1 595.00 English Books

© Delhi Public Library
Hit Counter
free hit counter